000 00332nam a2200133Ia 4500
008 240624s9999 xx 000 0 und d
041 _aeng
082 _a005.1 GOO
100 _aGOODRICH MICHAEL T
245 _aALGORITHM DESIGN FOUNDATIONS ANALYSIS AN
260 _c2003
_aSingapore
_bJohn Wiley
300 _axii, : 708
365 _c
999 _c2097
_d2097